[Event "HUN-chT2 Charousek 1213"]
[Site "Hungary"]
[Date "2012.09.16"]
[Round "1"]
[White "Fur, Katinka"]
[Black "Zsembery, Aron"]
[Result "0-1"]
[WhiteElo "2038"]
[BlackElo "1807"]
[PlyCount "94"]
[EventDate "2012.09.16"]
[EventType "team-tourn"]
[EventRounds "11"]
[EventCountry "HUN"]
[SourceTitle "EXT 2014"]
[Source "ChessBase"]
[SourceDate "2013.11.20"]
[SourceVersion "1"]
[SourceVersionDate "2013.11.20"]
[SourceQuality "1"]
[WhiteTeam "Balatonfuered"]
[BlackTeam "Penzugyor II"]
[WhiteTeamCountry "HUN"]
[BlackTeamCountry "HUN"]

1. d4 Nf6 2. Nf3 e6 3. c4 d5 4. Nc3 Be7 5. cxd5 Nxd5 6. e4 Nf6 7. Be3 0-0 8. h3 b6 9. Qc2 Bb7 10. Bd3 h6 11. 0-0 Nbd7 12. Rfd1 Rc8 13. Bc4 c5 14. d5 exd5 15. exd5 Bd6 16. Qa4 a6 17. Qc2 b5 18. Bd3 Nb6 19. Bf5 Rc7 20. b4 Nbxd5 21. Nxd5 Nxd5 22. Bxc5 Nxb4 23. Bxb4 Rxc2 24. Rxd6 Qc7 25. Bxc2 Qxc2 26. Rd2 Qg6 27. Rd6 f6 28. Kh2 Qf5 29. Kg1 Bxf3 30. gxf3 Qxf3 31. Re1 Qxh3 32. a3 Qg4+ 33. Kf1 Qh3+ 34. Kg1 Rc8 35. Rd4 Rc4 36. Re3 Qf5 37. Rd8+ Kh7 38. Rg3 Rc1+ 39. Kg2 Qh5 40. Rh3 Rg1+ 41. Kxg1 Qxh3 42. Rd6 a5 43. Bxa5 Qxa3 44. Ra6 b4 45. Ra7 b3 46. Bb6 Qc1+ 47. Kg2 Qc6+ 0-1

[Event "HUN-chT2 Charousek 1112"]
[Site "Hungary"]
[Date "2012.05.20"]
[Round "11"]
[White "Kurcsics, Mate"]
[Black "Zsembery, Aron"]
[Result "1-0"]
[WhiteElo "1672"]
[BlackElo "1861"]
[PlyCount "31"]
[EventDate "2011.09.25"]
[EventType "team-tourn"]
[EventRounds "11"]
[EventCountry "HUN"]
[SourceTitle "EXT 2013"]
[Source "ChessBase"]
[SourceDate "2012.11.22"]
[SourceVersion "1"]
[SourceVersionDate "2012.11.22"]
[SourceQuality "1"]
[WhiteTeam "Gyor Elektromos"]
[BlackTeam "Penzugyor II"]
[WhiteTeamCountry "HUN"]
[BlackTeamCountry "HUN"]

1. e4 c6 2. Nf3 d5 3. exd5 cxd5 4. d4 Nc6 5. Bf4 Bf5 6. c3 Nf6 7. Bd3 Bg4 8. h3 Bh5 9. Nbd2 e6 10. Qb3 Bd6 11. Qxb7 Bxf4 12. Qxc6+ Ke7 13. Ne5 Ne8 14. Qb7+ Kf6 15. Nc6 Qb6 16. Qe7# 1-0

[Event "HUN-chT2 Charousek 1112"]
[Site "Hungary"]
[Date "2012.03.11"]
[Round "7"]
[White "Zsembery, Aron"]
[Black "Horvath, Rudolf"]
[Result "1/2-1/2"]
[WhiteElo "1861"]
[BlackElo "1863"]
[PlyCount "118"]
[EventDate "2011.09.25"]
[EventType "team-tourn"]
[EventRounds "11"]
[EventCountry "HUN"]
[SourceTitle "EXT 2013"]
[Source "ChessBase"]
[SourceDate "2012.11.22"]
[SourceVersion "1"]
[SourceVersionDate "2012.11.22"]
[SourceQuality "1"]
[WhiteTeam "Penzugyor II"]
[BlackTeam "Veszprem"]
[WhiteTeamCountry "HUN"]
[BlackTeamCountry "HUN"]

1. e4 e5 2. Nf3 Nc6 3. Bb5 a6 4. Ba4 Nf6 5. 0-0 b5 6. Bb3 Be7 7. Re1 d6 8. c3 Na5 9. Bc2 c5 10. h3 0-0 11. d4 Qc7 12. d5 Bd7 13. b3 Nb7 14. Be3 a5 15. Qe2 b4 16. c4 a4 17. Nbd2 Ra6 18. Nf1 Rfa8 19. Rad1 axb3 20. axb3 Ra2 21. Qd3 Ne8 22. Ng3 g6 23. Bb1 Ra1 24. Bd2 Ng7 25. Qe3 R1a3 26. Bc1 Ra1 27. Bb2 R1a6 28. Qh6 f6 29. Nh4 Bf8 30. Qe3 Qd8 31. f4 exf4 32. Qxf4 g5 33. Qf3 gxh4 34. Bxf6 Be7 35. Bxg7 Kxg7 36. Rf1 Qe8 37. Nh5+ Kg8 38. Nf6+ Bxf6 39. Qxf6 Qg6 40. Qxh4 Qg7 41. Rf3 Be8 42. Rdf1 Bg6 43. Qg4 Nd8 44. h4 Nf7 45. Qe6 Bh5 46. Rf6 R6a7 47. e5 Bg4 48. Bf5 Bxf5 49. R6xf5 h6 50. Rf6 Kf8 51. Qxd6+ Re7 52. Rg6 Qxe5 53. Qxc5 Qe3+ 54. Qxe3 Rxe3 55. Rxh6 Kg7 56. Rhf6 Ra7 57. Re6 Rxb3 58. d6 Rd3 59. Rf3 Rxd6 1/2-1/2

[Event "Budapest op 1st"]
[Site "Budapest"]
[Date "2011.08.28"]
[Round "9"]
[White "Zsembery, Aron"]
[Black "Czimer, Jozsef"]
[Result "1/2-1/2"]
[WhiteElo "1856"]
[BlackElo "1750"]
[PlyCount "111"]
[EventDate "2011.08.20"]
[EventType "swiss"]
[EventRounds "9"]
[EventCountry "HUN"]
[SourceTitle "EXT 2022"]
[Source "ChessBase"]
[SourceDate "2021.10.06"]
[SourceVersion "1"]
[SourceVersionDate "2021.10.06"]
[SourceQuality "1"]

1. e4 e5 2. Nf3 Nc6 3. Bb5 a6 4. Ba4 Nf6 5. 0-0 Be7 6. Re1 b5 7. Bb3 d6 8. c3 0-0 9. h3 Na5 10. Bc2 c5 11. d4 Qc7 12. d5 Bd7 13. Nbd2 Rfc8 14. b3 b4 15. c4 Nb7 16. Nf1 Qd8 17. Ng3 g6 18. Nh2 Bf8 19. f4 Ne8 20. Qf3 Bg7 21. f5 Rc7 22. Ng4 Qh4 23. Be3 Nf6 24. Rf1 Rf8 25. Bd1 Nxg4 26. hxg4 Bh6 27. Bxh6 Qxh6 28. f6 Qg5 29. Be2 h6 30. Kf2 Kh7 31. Rh1 Rh8 32. Rh2 Kg8 33. Rah1 a5 34. Nf1 a4 35. Qe3 Qxf6+ 36. Ke1 Qf4 37. Rxh6 Rxh6 38. Qxf4 exf4 39. Rxh6 axb3 40. axb3 g5 41. Nd2 Kg7 42. Rh1 Na5 43. Kf2 Ra7 44. Ra1 Kf6 45. Ra2 Ra6 46. Rb2 Nb7 47. g3 fxg3+ 48. Kxg3 Kg7 49. Bf3 f6 50. Nf1 Ra1 51. Ne3 Nd8 52. Nf5+ Bxf5 53. exf5 Nf7 54. Be2 Ne5 55. Kg2 Kf7 56. Kf2 1/2-1/2

[Event "Budapest op 1st"]
[Site "Budapest"]
[Date "2011.08.24"]
[Round "5"]
[White "Farkas, Akos"]
[Black "Zsembery, Aron"]
[Result "1-0"]
[WhiteElo "1683"]
[BlackElo "1856"]
[PlyCount "127"]
[EventDate "2011.08.20"]
[EventType "swiss"]
[EventRounds "9"]
[EventCountry "HUN"]
[SourceTitle "EXT 2022"]
[Source "ChessBase"]
[SourceDate "2021.10.06"]
[SourceVersion "1"]
[SourceVersionDate "2021.10.06"]
[SourceQuality "1"]

1. e4 c6 2. d3 d5 3. Nd2 e5 4. g3 Bd6 5. Bg2 Ne7 6. Ngf3 d4 7. Nc4 f6 8. 0-0 Be6 9. Nxd6+ Qxd6 10. h4 Nd7 11. Nh2 0-0-0 12. f4 exf4 13. Bxf4 Ne5 14. Nf3 N7g6 15. Nxe5 Nxe5 16. Qe1 b6 17. a4 h6 18. a5 b5 19. Rc1 g5 20. hxg5 hxg5 21. Bxe5 Qxe5 22. Qf2 Rh6 23. c3 Kb7 24. cxd4 Rxd4 25. a6+ Kb6 26. b4 Bd7 27. Rc5 Qd6 28. Rd5 cxd5 29. Qxd4+ Kc7 30. Qxa7+ Kd8 31. Qc5 Qxc5+ 32. bxc5 f5 33. a7 Ra6 34. exf5 Bc6 35. f6 Ke8 36. f7+ Kf8 37. Rf6 Ra1+ 38. Kh2 Ba8 39. Rf5 g4 40. Bxd5 Bxd5 41. Rxd5 Ra2+ 42. Kg1 Rxa7 43. c6 Rc7 44. Rc5 b4 45. d4 Kxf7 46. d5 Ke7 47. Rb5 Kd6 48. Kf2 Ra7 49. Ke3 Ra3+ 50. Kf4 b3 51. Kxg4 Ra4+ 52. Kh5 Rd4 53. g4 b2 54. g5 Rxd5 55. Rxb2 Kxc6 56. Re2 Rd1 57. Kh6 Rh1+ 58. Kg7 Kd5 59. g6 Rg1 60. Kh7 Rh1+ 61. Kg8 Rg1 62. g7 Rg3 63. Rh2 Ke6 64. Kh7 1-0

[Event "HUN-chT2 Maroczy 1011"]
[Site "Hungary"]
[Date "2011.04.10"]
[Round "8"]
[White "Zsembery, Aron"]
[Black "Terbe, Julianna"]
[Result "0-1"]
[WhiteElo "1855"]
[BlackElo "1751"]
[PlyCount "126"]
[EventDate "2010.09.12"]
[EventType "team-tourn"]
[EventRounds "11"]
[EventCountry "HUN"]
[SourceTitle "EXT 2012"]
[Source "ChessBase"]
[SourceDate "2011.11.24"]
[SourceVersion "1"]
[SourceVersionDate "2011.11.24"]
[SourceQuality "1"]
[WhiteTeam "Penzugyor II"]
[BlackTeam "Kisujszallas"]
[WhiteTeamCountry "HUN"]
[BlackTeamCountry "HUN"]

1. e4 e6 2. d4 d5 3. e5 c5 4. c3 Nc6 5. Nf3 Bd7 6. a3 c4 7. g3 Na5 8. Nbd2 Bc6 9. Bh3 Qd7 10. Qe2 Ba4 11. 0-0 0-0-0 12. Ne1 Ne7 13. f4 g6 14. Ndf3 h6 15. Ng2 Kb8 16. Nfh4 h5 17. Be3 Nf5 18. Rae1 Bb3 19. Nf3 Bh6 20. Rf2 Rhe8 21. Ref1 Re7 22. Nge1 Bd1 23. Qxd1 Nxe3 24. Qd2 Nxf1 25. Bxf1 Nb3 26. Qe3 Rc8 27. h4 Rc6 28. Nc2 Bf8 29. Nb4 Rb6 30. Ne1 Re8 31. Nec2 Rc8 32. Qe1 Na5 33. Be2 Nc6 34. Bd1 a5 35. Nxc6+ Qxc6 36. Ne3 Ra6 37. Rc2 b5 38. Rc1 Rc7 39. Bc2 Rb7 40. Rb1 Rab6 41. Nd1 b4 42. axb4 axb4 43. Rc1 bxc3 44. bxc3 Ra7 45. Qd2 Ra2 46. Ne3 Ba3 47. Rf1 Rbb2 48. Kg2 Qa6 49. Rf2 Qa5 50. Rf1 Rb7 51. Nd1 Bb2 52. Bb1 Ra1 53. Nxb2 Qa3 54. Nxc4 dxc4 55. Bc2 Rxf1 56. Kxf1 Qa1+ 57. Ke2 Rb2 58. Qd1 Qa8 59. Qc1 Ra2 60. Qb1+ Kc7 61. Ke3 Qa3 62. Kd2 Ra1 63. Bxg6 Rxb1 0-1

[Event "Budapest Karacsonyi op 2nd"]
[Site "Budapest"]
[Date "2010.12.29"]
[Round "4"]
[White "Zsembery, Aron"]
[Black "Farkas, Richard"]
[Result "0-1"]
[WhiteElo "1855"]
[BlackElo "2005"]
[PlyCount "120"]
[EventDate "2010.12.27"]
[EventType "swiss"]
[EventRounds "7"]
[EventCountry "HUN"]
[SourceTitle "EXT 2022"]
[Source "ChessBase"]
[SourceDate "2021.10.06"]
[SourceVersion "1"]
[SourceVersionDate "2021.10.06"]
[SourceQuality "1"]

1. e4 e6 2. d4 d5 3. e5 c5 4. c3 Qb6 5. Nf3 Bd7 6. a3 a5 7. Bd3 Bb5 8. Bc2 Nc6 9. Be3 f6 10. Nbd2 0-0-0 11. Nb3 fxe5 12. Nxe5 Nxe5 13. dxe5 Qc7 14. f4 b6 15. Qd2 Ne7 16. 0-0-0 Nc6 17. Qf2 Be7 18. Rd2 a4 19. Na1 g6 20. Rhd1 Na5 21. Bd3 Qc6 22. Qe2 Bxd3 23. Rxd3 b5 24. Qc2 Rd7 25. Kb1 Rb7 26. Bg1 Rf8 27. Rf3 Rf7 28. h3 Bf8 29. Rf2 Rfc7 30. Rc1 Nc4 31. Re2 Qa6 32. Ka2 b4 33. axb4 cxb4 34. cxb4 Bxb4 35. Bd4 Qa5 36. Bc3 Bxc3 37. Qxc3 Qxc3 38. Rxc3 Rb4 39. g3 Rcb7 40. Rcc2 Kd7 41. h4 Ke7 42. h5 gxh5 43. Rh2 Kf7 44. Rhe2 Kg6 45. Rf2 Kf5 46. Rh2 Kg4 47. Rcg2 Kf3 48. Rf2+ Kg4 49. Rfg2 d4 50. Rh4+ Kf3 51. Rhh2 d3 52. Rf2+ Kg4 53. Rh4+ Kxg3 54. Rhh2 d2 55. Rhg2+ Kh4 56. Rh2+ Kg4 57. Rhg2+ Kf5 58. Rg5+ Ke4 59. Re2+ Kf3 60. Rgg2 Rxb2# 0-1

[Event "HUN-ch U12"]
[Site "Budapest"]
[Date "2010.06.30"]
[Round "5"]
[White "Zsembery, Aron"]
[Black "Peczely, Sebastian Zsombor"]
[Result "1/2-1/2"]
[WhiteElo "1902"]
[BlackElo "1657"]
[PlyCount "82"]
[EventDate "2010.06.26"]
[EventType "swiss"]
[EventRounds "9"]
[EventCountry "HUN"]
[SourceTitle "CBM 137 Extra"]
[Source "ChessBase"]
[SourceDate "2010.09.01"]
[SourceVersion "1"]
[SourceVersionDate "2010.09.01"]
[SourceQuality "1"]

1. e4 e5 2. Nf3 Nc6 3. Bb5 a6 4. Ba4 Nf6 5. 0-0 Be7 6. Re1 b5 7. Bb3 d6 8. c3 0-0 9. h3 Na5 10. Bc2 c5 11. d4 Nd7 12. Nbd2 exd4 13. cxd4 Nc6 14. d5 Nce5 15. Nxe5 Nxe5 16. f4 Ng6 17. Nf3 Bh4 18. Nxh4 Qxh4 19. Rf1 f5 20. Qf3 fxe4 21. Bxe4 Ne5 22. Qf2 Qxf2+ 23. Rxf2 Nc4 24. g3 Bxh3 25. Bxh7+ Kxh7 26. Rh2 Rf5 27. Rxh3+ Kg8 28. b3 Nb6 29. Bb2 Rxd5 30. Re1 a5 31. g4 a4 32. Rhe3 Rf8 33. Re7 Rf7 34. Re8+ Kh7 35. f5 Rd2 36. R1e3 Rd1+ 37. Kg2 Kh6 38. R8e6+ Kh7 39. Re8 Rd2+ 40. Kg1 Rd1+ 41. Kg2 Rd2+ 1/2-1/2

[Event "Budapest Weekend U2200 1st"]
[Site "Budapest"]
[Date "2010.05.30"]
[Round "6"]
[White "Zsembery, Aron"]
[Black "Kellerwessel, Ralf"]
[Result "1/2-1/2"]
[WhiteElo "1902"]
[BlackElo "1852"]
[PlyCount "75"]
[EventDate "2010.05.29"]
[EventType "swiss"]
[EventRounds "6"]
[EventCountry "HUN"]
[SourceTitle "EXT 2020"]
[Source "ChessBase"]
[SourceDate "2019.10.17"]
[SourceVersion "1"]
[SourceVersionDate "2019.10.17"]
[SourceQuality "1"]

1. e4 e6 2. d4 d5 3. e5 c5 4. c3 Nc6 5. Nf3 Bd7 6. a3 c4 7. g3 Qb6 8. Bh3 Na5 9. Nbd2 Nb3 10. Nxb3 Ba4 11. 0-0 Qxb3 12. Qxb3 Bxb3 13. Ne1 Ne7 14. f4 g6 15. Rf2 h5 16. Nf3 Nf5 17. Bd2 Be7 18. Re1 h4 19. g4 Ng3 20. Bc1 Ne4 21. Rg2 Kd7 22. Rf1 Rag8 23. g5 Rh7 24. Re2 a5 25. Rfe1 b5 26. Kf1 b4 27. axb4 axb4 28. Nd2 Nxd2+ 29. Bxd2 bxc3 30. Bxc3 Ra8 31. Rc1 Kc6 32. Ree1 Rhh8 33. Ra1 Kb5 34. Ke2 Bc2 35. Kd2 Be4 36. Rg1 Bb4 37. Rgc1 Be7 38. Rg1 1/2-1/2

[Event "HUN-chT U18"]
[Site "Miskolc"]
[Date "2009.10.28"]
[Round "5.6"]
[White "Zsembery, Aron"]
[Black "Szatmari, David"]
[Result "0-1"]
[WhiteElo "1815"]
[BlackElo "1801"]
[PlyCount "46"]
[EventDate "2009.10.26"]
[EventType "team-swiss"]
[EventRounds "8"]
[EventCountry "HUN"]
[SourceTitle "EXT 2016"]
[Source "ChessBase"]
[SourceDate "2015.10.08"]
[SourceVersion "1"]
[SourceVersionDate "2015.10.08"]
[SourceQuality "1"]

1. e4 e6 2. d4 d5 3. e5 c5 4. c3 Nc6 5. Nf3 Qb6 6. a3 a5 7. Bd3 Bd7 8. Bc2 Nh6 9. 0-0 cxd4 10. cxd4 Rc8 11. Nc3 g6 12. Rb1 Nf5 13. Be3 Nce7 14. Qd2 Nxe3 15. fxe3 Bh6 16. g4 Bb5 17. Rf2 Nc6 18. Ne1 0-0 19. Nd3 Nxd4 20. Bd1 Nc6 21. Nxb5 Qxb5 22. Be2 Qb6 23. Rf3 d4 0-1

[Event "HUN-ch U12"]
[Site "Balatonlelle"]
[Date "2009.07.02"]
[Round "6"]
[White "Zsembery, Aron"]
[Black "Benedeczky, Lehel"]
[Result "1-0"]
[WhiteElo "1712"]
[BlackElo "1672"]
[PlyCount "81"]
[EventDate "2009.06.27"]
[EventType "swiss"]
[EventRounds "9"]
[EventCountry "HUN"]
[SourceTitle "EXT 2011"]
[Source "ChessBase"]
[SourceDate "2010.11.26"]
[SourceVersion "1"]
[SourceVersionDate "2010.11.26"]
[SourceQuality "1"]

1. e4 c5 2. Nf3 Nc6 3. c4 e5 4. d3 d6 5. Nc3 g6 6. h4 Nf6 7. Bg5 Bg7 8. h5 Be6 9. Nd5 h6 10. Bxf6 Bxf6 11. hxg6 fxg6 12. Qb3 Bxd5 13. exd5 Nd4 14. Nxd4 exd4 15. 0-0-0 Qc7 16. g3 0-0-0 17. Bh3+ Kb8 18. Rde1 Rde8 19. Be6 h5 20. Qd1 Rhf8 21. Qe2 Rf7 22. Qe4 Rg7 23. Qf4 Qd8 24. Qd2 Rh7 25. Bh3 Rhe7 26. Rxe7 Qxe7 27. Be6 Qh7 28. Kc2 g5 29. b4 b6 30. bxc5 dxc5 31. a4 a5 32. Qc1 h4 33. gxh4 gxh4 34. Qf4+ Ka7 35. Qxf6 Qh5 36. Qg7+ Kb8 37. Qg4 Qe5 38. Qe4 Qf6 39. Qxh4 Qf3 40. Qg3+ Qxg3 41. fxg3 1-0

[Event "HUN-ch U12"]
[Site "Balatonlelle"]
[Date "2009.06.30"]
[Round "4"]
[White "Korpa, Bence"]
[Black "Zsembery, Aron"]
[Result "1-0"]
[WhiteElo "2078"]
[BlackElo "1712"]
[PlyCount "51"]
[EventDate "2009.06.27"]
[EventType "swiss"]
[EventRounds "9"]
[EventCountry "HUN"]
[SourceTitle "EXT 2011"]
[Source "ChessBase"]
[SourceDate "2010.11.26"]
[SourceVersion "1"]
[SourceVersionDate "2010.11.26"]
[SourceQuality "1"]

1. e4 c6 2. Ne2 d5 3. e5 Bf5 4. d4 e6 5. c3 Nd7 6. Ng3 Ne7 7. Bg5 Bg6 8. Nd2 Qb6 9. b4 Nf5 10. Nxf5 Bxf5 11. Nb3 f6 12. exf6 gxf6 13. Be3 Qc7 14. Bd3 Bxd3 15. Qxd3 0-0-0 16. 0-0-0 Nb6 17. g3 Nc4 18. Nd2 Nxe3 19. fxe3 Bg7 20. Kb2 Qf7 21. c4 dxc4 22. Nxc4 e5 23. Qf5+ Qd7 24. Nd6+ Kc7 25. dxe5 fxe5 26. Nb5+ 1-0